Tâm lí học Giáo trình đào tạo giáo viên Tiểu học hệ CĐSP và SP 12 + 2

Gardado en:
Detalles Bibliográficos
Autor Principal: Trần Trọng Thủy
Formato: Libro
Idioma:Undetermined
Publicado: Hà Nội Giáo Dục 1998
Những chủ đề:
Các nhãn: Engadir etiqueta
Sen Etiquetas, Sexa o primeiro en etiquetar este rexistro!
Thư viện lưu trữ: Trung tâm Học liệu Trường Đại học Cần Thơ
LEADER 00652nam a2200181Ia 4500
001 CTU_29701
008 210402s9999 xx 000 0 und d
082 |a 158.2 
082 |b Th523 
100 |a Trần Trọng Thủy 
245 0 |a Tâm lí học 
245 0 |b Giáo trình đào tạo giáo viên Tiểu học hệ CĐSP và SP 12 + 2 
245 0 |c Trần Trọng Thủy, Lê Ngọc Lan, Nguyễn Quang Uẩn 
260 |a Hà Nội 
260 |b Giáo Dục 
260 |c 1998 
650 |a educational psychology,personality,psychology, applied,psychophysiology 
980 |a Trung tâm Học liệu Trường Đại học Cần Thơ